Virginie Efira en 20 films - Statistiques

Statistiques générales
  • Ce quiz a été pris 46 fois
  • Le résultat moyen est 9 sur 20
Statistiques - réponses
Année Rôle Film % Correct
2013 Alice Lantins 20 ans d'écart
90%
2019 Sibyl Sibyl
74%
2021 Benedetta Carlini Benedetta
72%
2022 Mia Revoir Paris
72%
2020 Suze Trappet Adieu les cons
56%
2023 Blanche/Rose L'amour et les forêts
56%
2022 Rachel Les enfants des autres
56%
2016 Victoria Spick Victoria
54%
2021 Camille En attendant Bojangles
46%
2016 Rebecca Elle
44%
2018 Delphine Le grand bain
41%
2021 Judith Madeleine Collins
41%
2018 Rachel Un amour impossible
33%
2020 Virginie Police
28%
2023 Sylvie Rien à perdre
28%
2015 Violette Une famille à louer
28%
2022 Julie Don Juan
26%
2010 Angèle L'amour c'est mieux à deux
21%
2011 Joanna Sorini La chance de ma vie
18%
2021 L'épouse Lui
15%
Aucun quiz correspondant
Distribution des résultats
% des personnes avec chaque résultat
Percentile par nombre de réponses
Votre historique - résultats
Vous n’avez pas pris ce quiz